| 000 | 00851cam a2200217 a 4500 | ||
|---|---|---|---|
| 020 | _a0889363145 (pbk.) | ||
| 040 | _cDLC | ||
| 082 | 0 | 0 | _a630 INT 1981 A052 Or. |
| 245 | 0 | 0 |
_aResource allocation to agricultural research : _bproceedings of a workshop held in Singapore, 8-10 June 1981 / |
| 260 |
_aOttawa : _bInternational Development Research Centre, _c1981. |
||
| 300 |
_a170 p. : _bill. ; _c25 cm. |
||
| 490 | 1 | _aIDRC ; | |
| 500 | _a"Cosponsored by: International Federation for Agricultural Research and Development; International Development Research Centre." | ||
| 650 | 0 | _aAgriculture | |
| 650 | 0 | _aAgriculture | |
| 700 | 1 | _aDaniels, Douglas. | |
| 700 | 1 | _aNestel, Barry L. | |
| 710 | 2 | _aInternational Federation for Agricultural Research and Development. | |
| 710 | 2 | _aInternational Development Research Centre (Canada) | |
| 942 | _cEK | ||
| 999 |
_c14740 _d14740 |
||